MARC details
| 000 -CABECERA |
| campo de control de longitud fija |
01116cam a2200289 a 4500 |
| 001 - NÚMERO DE CONTROL |
| campo de control |
000019727 |
| 005 - FECHA Y HORA DE LA ÚLTIMA TRANSACCIÓN |
| campo de control |
20200929170122.0 |
| 008 - DATOS DE LONGITUD FIJA--INFORMACIÓN GENERAL |
| campo de control de longitud fija |
790619s1976 cu abh b 000 0dspa d |
| 040 ## - FUENTE DE LA CATALOGACIÓN |
| Centro catalogador/agencia de origen |
DO-SdBNP |
| Centro/agencia transcriptor |
DLC |
| Centro/agencia modificador |
DLC |
| -- |
BNPHU |
| 043 ## - CÓDIGO DE ÁREA GEOGRÁFICA |
| Código de área geográfica |
nwcu--- |
| 082 ## - NÚMERO DE LA CLASIFICACIÓN DECIMAL DEWEY |
| Número de clasificación |
nnnn |
| Número de documento/Ítem |
J27b |
| 049 ## - FONDOS LOCALES (OCLC) |
| Fondos de biblioteca |
BNGR |
| 100 1# - ENTRADA PRINCIPAL--NOMBRE DE PERSONA |
| Nombre de persona |
James, Ariel, |
| Fechas asociadas al nombre |
1944- |
| 9 (RLIN) |
42188 |
| 245 10 - MENCIÓN DE TÍTULO |
| Título |
Banes : |
| Resto del título |
imperialismo y nación en una plantación azucarera / |
| Mención de responsabilidad, etc. |
Ariel James ; edición de María Antonieta Juliá. |
| 260 ## - PUBLICACIÓN, DISTRIBUCIÓN, ETC. |
| Lugar de publicación, distribución, etc. |
La Habana : |
| Nombre del editor, distribuidor, etc. |
Ciencias Sociales, |
| Fecha de publicación, distribución, etc. |
1976. |
| 300 ## - DESCRIPCIÓN FÍSICA |
| Extensión |
315 p., [316-351] p. : |
| Otras características físicas |
ill., fasc., mapas ; |
| Dimensiones |
18 cm. |
| 490 1# - MENCIÓN DE SERIE |
| Mención de serie |
Nuestra historia |
| 500 ## - NOTA GENERAL |
| Nota general |
Autobiografiado por el autor |
| 504 ## - NOTA DE BIBLIOGRAFÍA, ETC. |
| Nota de bibliografía, etc. |
Bibliografía: p. 309-315 |
| 650 #0 - PUNTO DE ACCESO ADICIONAL DE MATERIA--TÉRMINO DE MATERIA |
| Término de materia o nombre geográfico como elemento de entrada |
Sugar trade |
| Subdivisión geográfica |
Cuba |
| -- |
Banes (Holguin{Rpara} |
| Subdivisión general |
History. |
| 9 (RLIN) |
42189 |
| 650 #0 - PUNTO DE ACCESO ADICIONAL DE MATERIA--TÉRMINO DE MATERIA |
| Término de materia o nombre geográfico como elemento de entrada |
Plantations |
| Subdivisión geográfica |
Cuba |
| -- |
Banes (Holguin{Rpara} |
| Subdivisión general |
History. |
| 9 (RLIN) |
42190 |
| 650 #0 - PUNTO DE ACCESO ADICIONAL DE MATERIA--TÉRMINO DE MATERIA |
| Término de materia o nombre geográfico como elemento de entrada |
Investments, american |
| Subdivisión geográfica |
Cuba |
| -- |
Banes (Holguin{Rpara} |
| Subdivisión general |
History. |
| 9 (RLIN) |
42191 |
| 610 20 - PUNTO DE ACCESO ADICIONAL DE MATERIA--NOMBRE DE ENTIDAD CORPORATIVA |
| Nombre de entidad corporativa o nombre de jurisdicción como elemento de entrada |
United Fruit Company |
| Subdivisión general |
History. |
| 9 (RLIN) |
42192 |
| 700 1# - PUNTO DE ACCESO ADICIONAL--NOMBRE DE PERSONA |
| Nombre de persona |
Juliá, María Antonieta, |
| Término indicativo de función/relación |
ed. |
| 9 (RLIN) |
42193 |
| 830 #0 - PUNTO DE ACCESO ADICIONAL DE SERIE-TÍTULO UNIFORME |
| Título uniforme |
Nuestra historia |
| 9 (RLIN) |
22356 |
| 910 ## - DATOS DE OPCIÓN DEL USUARIO (OCLC) |
| Datos de opción del usuario |
Catalogación derivada / LC |